De nuestra arquitectura del pasado
Salvato in:
| Autore principale: | |
|---|---|
| Natura: | Libro |
| Lingua: | spagnolo |
| Pubblicazione: |
Santiago
Imprenta Universo
1927
|
| Edizione: | 1a. ed |
| Soggetti: | |
| Tags: |
Aggiungi Tag
Nessun Tag, puoi essere il primo ad aggiungerne!!
|
MARC
| LEADER | 00000nam a2200000 a 4500 | ||
|---|---|---|---|
| 001 | UCJ8468 | ||
| 003 | CL-VaPUC | ||
| 008 | 070124e19270716CL |||||||||||||||||spa|d | ||
| 082 | 0 | 4 | |a 725 |b DAV |2 21 |
| 100 | 0 | |a Dávila Carson, Roberto |e author |9 517228 | |
| 245 | 1 | 0 | |a De nuestra arquitectura del pasado |
| 250 | |a 1a. ed | ||
| 942 | |c BK | ||
| 945 | |d 20070124 00:00:00 |a rinostro | ||
| 260 | |a Santiago |b Imprenta Universo |c 1927 | ||
| 500 | |a Formato .35x.35 | ||
| 650 | 0 | |a Arquitectura colonial |9 266240 | |
| 650 | 0 | |a Historia de Chile |9 265473 | |
| 650 | 0 | |a Ilustraciones |9 369481 | |
| 583 | |a last modification |c 20070124 00:00:00 |k Rodrigo Vera | ||
| 999 | |c 324180 |d 324178 | ||
| 952 | |0 0 |1 0 |4 0 |6 725_000000000000000_DAV_1927 |7 0 |8 X |9 404143 |a FDOBUD |b FDOBUD |d 2019-11-22 |i 107847K |o 725 DAV 1927 |p 107847K |r 2019-11-22 |w 2019-11-22 |y BK_X |k BUD | ||